Children of communism : politicizing youth revolt in communist Budapest in the 1960s /

Bibliographic Details
Main Author: Horváth, Sándor, 1974- (Author)
Other Authors: Cooper, Thomas, 1971- (Translator)
Format: eBook
Language:English
Published: Bloomington, Indiana : Indiana University Press, [2022]
Series:Studies in Hungarian history.
Subjects:
Online Access:Connect to the full text of this electronic book

MARC

Tag First Indicator Second Indicator Subfields
LEADER 00000nam a2200000 i 4500
001 in00004565421
006 m o d
007 cr |||||||||||
008 211106s2022 inu ob 001 0 eng
005 20220426191054.1
010 |a  2021043324 
020 |a 9780253059710  |q (epub) 
020 |a 0253059712 
020 |a 9780253059703  |q (ebook) 
020 |a 0253059704 
020 |z 9780253059734  |q (hardback) 
020 |z 9780253059727  |q (paperback) 
020 |z 0253059739 
020 |z 0253059720 
035 |a (DLC)jstor22573/CTV224D6NF 
037 |a 22573/ctv224d6nf  |b JSTOR 
040 |a NhCcYBP  |c NhCcYBP 
041 1 |a eng  |h hun 
042 |a pcc 
043 |a e-hu--- 
050 4 |a HQ799.H8  |b H67 2022 
072 7 |a HIS  |x 040000  |2 bisacsh 
072 7 |a HIS  |x 012000  |2 bisacsh 
072 7 |a POL  |x 043000  |2 bisacsh 
072 7 |a POL  |x 005000  |2 bisacsh 
082 0 0 |a 305.23509439  |2 23/eng/20211206 
100 1 |a Horváth, Sándor,  |d 1974-  |e author. 
240 1 0 |a Kádár gyermekei.  |l English 
245 1 0 |a Children of communism :  |b politicizing youth revolt in communist Budapest in the 1960s /  |c Sándor Horváth ; translated by Thomas Cooper. 
264 1 |a Bloomington, Indiana :  |b Indiana University Press,  |c [2022] 
300 |a 1 online resource. 
336 |a text  |b txt  |2 rdacontent 
337 |a computer  |b c  |2 rdamedia 
338 |a online resource  |b cr  |2 rdacarrier 
490 1 |a Studies in Hungarian history 
500 |a Translation of: Kádár gyermekei : ifjúsági lázadás a hatvanas években. 
504 |a Includes bibliographical references and index. 
505 0 |a The hippie stroll -- The trial : casting -- How hooligans are made -- Youth protection -- The police and uses of the urban space -- The socialist tabloid press -- Protest in a diary -- Girl in the gang -- Memory. 
588 |a Description based on print version record and CIP data provided by publisher. 
650 0 |a Youth  |z Hungary  |x Social conditions. 
650 0 |a Youth  |x Political activity  |z Hungary. 
650 0 |a Socialism and youth  |z Hungary. 
650 0 |a Subculture  |z Hungary. 
650 0 |a Teenagers  |z Hungary. 
650 0 |a Communism  |z Hungary. 
651 0 |a Hungary  |x Social conditions  |y 1945-1989. 
651 0 |a Hungary  |x Politics and government  |y 1945-1989. 
648 7 |a 1945-1989  |2 fast 
655 7 |a Electronic books.  |2 local 
700 1 |a Cooper, Thomas,  |d 1971-  |e translator. 
776 1 8 |i Print version:  |a Horváth, Sándor, 1974-  |t Children of communism  |d Bloomington, Indiana : Indiana University Press, [2022]  |z 9780253059734  |w (DLC) 2021043323 
830 0 |a Studies in Hungarian history. 
856 4 0 |u http://proxy.library.tamu.edu/login?url=https://www.jstor.org/stable/10.2307/j.ctv224v17n  |z Connect to the full text of this electronic book  |t 0 
955 |a JSTOR DDA record 
999 f f |s d96feeff-0a68-44a8-ab77-e9349150d437  |i d96feeff-0a68-44a8-ab77-e9349150d437  |t 0 
952 f f |a Texas A&M University  |b College Station  |c Electronic Resources  |d Available Online  |t 0  |e HQ799.H8 H67 2022  |h Library of Congress classification 
998 f f |a HQ799.H8 H67 2022  |t 0  |l Available Online